|
|
|
|
| LEADER |
02305nam a2200517 4500 |
| 001 |
978-3-540-68444-2 |
| 003 |
DE-He213 |
| 005 |
20191028012432.0 |
| 007 |
cr nn 008mamaa |
| 008 |
121227s1997 gw | s |||| 0|eng d |
| 020 |
|
|
|a 9783540684442
|9 978-3-540-68444-2
|
| 024 |
7 |
|
|a 10.1007/BFb0103626
|2 doi
|
| 040 |
|
|
|d GrThAP
|
| 050 |
|
4 |
|a TP155-156
|
| 072 |
|
7 |
|a TDC
|2 bicssc
|
| 072 |
|
7 |
|a SCI013060
|2 bisacsh
|
| 072 |
|
7 |
|a TDC
|2 thema
|
| 082 |
0 |
4 |
|a 660
|2 23
|
| 245 |
1 |
0 |
|a Polymer Synthesis/Polymer Catalysis
|h [electronic resource].
|
| 250 |
|
|
|a 1st ed. 1997.
|
| 264 |
|
1 |
|a Berlin, Heidelberg :
|b Springer Berlin Heidelberg :
|b Imprint: Springer,
|c 1997.
|
| 300 |
|
|
|a VIII, 205 p. 11 illus.
|b online resource.
|
| 336 |
|
|
|a text
|b txt
|2 rdacontent
|
| 337 |
|
|
|a computer
|b c
|2 rdamedia
|
| 338 |
|
|
|a online resource
|b cr
|2 rdacarrier
|
| 347 |
|
|
|a text file
|b PDF
|2 rda
|
| 490 |
1 |
|
|a Advances in Polymer Science,
|x 0065-3195 ;
|v 127
|
| 505 |
0 |
|
|a Erratum -- Concentrated emulsion polymerization -- N-benzyl and N-alkoxy pyridinium salts as thermal and photochemical initiators for cationic polymerization -- Synthesis of block copolymers by radical polymerization and telomerization -- Metallocenes for polymer catalysis.
|
| 650 |
|
0 |
|a Chemical engineering.
|
| 650 |
|
0 |
|a Polymers .
|
| 650 |
|
0 |
|a Materials science.
|
| 650 |
|
0 |
|a Condensed matter.
|
| 650 |
1 |
4 |
|a Industrial Chemistry/Chemical Engineering.
|0 http://scigraph.springernature.com/things/product-market-codes/C27000
|
| 650 |
2 |
4 |
|a Polymer Sciences.
|0 http://scigraph.springernature.com/things/product-market-codes/C22008
|
| 650 |
2 |
4 |
|a Characterization and Evaluation of Materials.
|0 http://scigraph.springernature.com/things/product-market-codes/Z17000
|
| 650 |
2 |
4 |
|a Condensed Matter Physics.
|0 http://scigraph.springernature.com/things/product-market-codes/P25005
|
| 710 |
2 |
|
|a SpringerLink (Online service)
|
| 773 |
0 |
|
|t Springer eBooks
|
| 776 |
0 |
8 |
|i Printed edition:
|z 9783662147993
|
| 776 |
0 |
8 |
|i Printed edition:
|z 9783662147986
|
| 776 |
0 |
8 |
|i Printed edition:
|z 9783540612889
|
| 830 |
|
0 |
|a Advances in Polymer Science,
|x 0065-3195 ;
|v 127
|
| 856 |
4 |
0 |
|u https://doi.org/10.1007/BFb0103626
|z Full Text via HEAL-Link
|
| 912 |
|
|
|a ZDB-2-CMS
|
| 912 |
|
|
|a ZDB-2-BAE
|
| 950 |
|
|
|a Chemistry and Materials Science (Springer-11644)
|